Weitere LGBTQ+ Pride Flags 2 - Statistiken

Allgemein
  • Dieses Quiz wurde 249 mal gespielt
  • Das Durchschnittsergebnis liegt bei 5 aus 10
Antwortstatistiken
Bildquiz Antwort % Korrekt
Demisexuell
85%
Schwul
84%
Demiboy
74%
Demigirl
74%
Polysexuell
72%
Agender, Abinär
46%
Polyamorie
35%
Gender-queer
31%
Straight Ally
31%
BDSM
10%
Keine übereinstimmenden Quizze gefunden
Verteilung der Resultate
Anzahl Personen mit jedem Resultat
Perzentil nach korrekt beantworteten Fragen
Ihre Resultats-Entwicklung
Sie haben dieses Quiz noch nicht gespielt